Save and grow : (Record no. 15509)

000 -LEADER
fixed length control field 00842cam a22002537a 4500
020 ## - INTERNATIONAL STANDARD BOOK NUMBER
ISBN 9789251068717
020 ## - INTERNATIONAL STANDARD BOOK NUMBER
ISBN 9251068712
040 ## - CATALOGING SOURCE
Transcribing agency BTCTA
082 ## - DEWEY DECIMAL CLASSIFICATION NUMBER
Classification number 338 FOO 2011 A077 Or.
245 00 - TITLE STATEMENT
Title Save and grow :
Remainder of title a policymaker's guide to sustainable intensification of smallholder crop production /
260 ## - PUBLICATION, DISTRIBUTION, ETC. (IMPRINT)
Place of publication Rome :
Name of publisher Food and Agriculture Organization of the United Nations,
Year of publication 2011.
300 ## - PHYSICAL DESCRIPTION
Number of Pages x, 102 p. :
Other physical details col. ill. ;
Dimensions 26 cm.
650 #0 - SUBJECT ADDED ENTRY--TOPICAL TERM
Topical Term Agricultural productivity.
650 #0 - SUBJECT ADDED ENTRY--TOPICAL TERM
Topical Term Agriculture and state.
650 #0 - SUBJECT ADDED ENTRY--TOPICAL TERM
Topical Term Agricultural systems.
650 #0 - SUBJECT ADDED ENTRY--TOPICAL TERM
Topical Term Farms, Small.
650 #0 - SUBJECT ADDED ENTRY--TOPICAL TERM
Topical Term Sustainable agriculture.
700 1# - ADDED ENTRY--PERSONAL NAME
Personal name Rai, Mangala.
700 1# - ADDED ENTRY--PERSONAL NAME
Personal name Reeves, Timothy G.
700 1# - ADDED ENTRY--PERSONAL NAME
Personal name Pandey, Shivaji.
700 1# - ADDED ENTRY--PERSONAL NAME
Personal name Collette, Linda.
710 2# - ADDED ENTRY--CORPORATE NAME
Corporate name or jurisdiction name as entry element Food and Agriculture Organization of the United Nations.
942 ## - ADDED ENTRY ELEMENTS (KOHA)
Koha item type សៀវភៅភាសាអង់គ្លេស
952 ## - LOCATION AND ITEM INFORMATION (KOHA)
Withdrawn status [LOCAL, KOHA] 0
Holdings
Permanent Location Date acquired Koha item type Lost status Shelving location Barcode Current Location Full call number
Library Block A2017-11-28សៀវភៅភាសាអង់គ្លេស A077RUA055579Library Block A338 FOO 2011 A077 Or.
មជ្ឈមណ្ឌលឯការនៃសាកលវិទ្យាល័យភូមិន្ទកសិកម្មចំការដូង

Powered by Koha